Marine concrete structures : (Record no. 2794)
[ view plain ]
| 000 -LEADER | |
|---|---|
| fixed length control field | 01669nam a2200361 4500 |
| 006 - FIXED-LENGTH DATA ELEMENTS--ADDITIONAL MATERIAL CHARACTERISTICS--GENERAL INFORMATION | |
| fixed length control field | a||||go||d| 00| 0 |
| 007 - PHYSICAL DESCRIPTION FIXED FIELD--GENERAL INFORMATION | |
| fixed length control field | cr ||||||||||| |
| 008 - FIXED-LENGTH DATA ELEMENTS--GENERAL INFORMATION | |
| fixed length control field | 861201s2016 enka o 001 0 eng d |
| 020 ## - INTERNATIONAL STANDARD BOOK NUMBER | |
| International Standard Book Number | 9780081009055 |
| Terms of availability | (ebook) |
| 040 ## - CATALOGING SOURCE | |
| Original cataloging agency | IMU Kochi Library |
| Language of cataloging | eng |
| 044 ## - COUNTRY OF PUBLISHING/PRODUCING ENTITY CODE | |
| MARC country code | England |
| 082 04 - DEWEY DECIMAL CLASSIFICATION NUMBER | |
| Edition number | 23 |
| 245 00 - TITLE STATEMENT | |
| Title | Marine concrete structures : |
| Sub Title | design, durability and performance / |
| 260 ## - PUBLICATION, DISTRIBUTION, ETC. (IMPRINT) | |
| Place of publication, distribution, etc | London : |
| Name of publisher, distributor, etc | Woodhead Publishing, |
| Date of publication, distribution, etc | [2016] |
| 300 ## - PHYSICAL DESCRIPTION | |
| Extent | 1 online resource |
| 490 1# - SERIES STATEMENT | |
| Series statement | Woodhead Publishing series in civil and structural engineering ; |
| Volume number/sequential designation | number 64 |
| 504 ## - BIBLIOGRAPHY, ETC. NOTE | |
| Bibliography, etc | Includes bibliographical references and index. |
| 505 00 - FORMATTED CONTENTS NOTE | |
| Formatted contents note | Note continued: |
| 505 00 - FORMATTED CONTENTS NOTE | |
| Formatted contents note | Machine generated contents note: |
| 520 ## - SUMMARY, ETC. | |
| Summary, etc | Offers comprehensive coverage on marine concrete structures; structures located either in, or in close proximity to, the sea. A major emphasis of the book is on durability and long-term performance, in view of the fact that such structures represent major infrastructure investment and provision, and are required to perform adequately for long periods of time with minimal maintenance. -- |
| 650 #0 - SUBJECT ADDED ENTRY--TOPICAL TERM | |
| Topical term or geographic name as entry element | Offshore structures |
| General subdivision | Materials. |
| 650 #0 - SUBJECT ADDED ENTRY--TOPICAL TERM | |
| Topical term or geographic name as entry element | Concrete construction. |
| 650 #0 - SUBJECT ADDED ENTRY--TOPICAL TERM | |
| Topical term or geographic name as entry element | Underwater concrete construction. |
| 650 #7 - SUBJECT ADDED ENTRY--TOPICAL TERM | |
| Topical term or geographic name as entry element | Concrete construction. |
| Source of heading or term | fast |
| 650 #7 - SUBJECT ADDED ENTRY--TOPICAL TERM | |
| Topical term or geographic name as entry element | Offshore structures |
| General subdivision | Materials. |
| Source of heading or term | fast |
| 650 #7 - SUBJECT ADDED ENTRY--TOPICAL TERM | |
| Topical term or geographic name as entry element | Underwater concrete construction. |
| Source of heading or term | fast |
| 700 1# - ADDED ENTRY--PERSONAL NAME | |
| Personal name | Alexander, Mark G., |
| Dates associated with a name | 1950- |
| Relator term | Editor |
| 830 #0 - SERIES ADDED ENTRY--UNIFORM TITLE | |
| Uniform title | Woodhead Publishing series in civil and structural engineering ; |
| Volume number/sequential designation | 64. |
| 852 ## - LOCATION/CALL NUMBER | |
| Location | IMU Kochi Library |
| 856 40 - ELECTRONIC LOCATION AND ACCESS | |
| Uniform Resource Identifier | <a href="https://www.sciencedirect.com/science/book/9780081009055">https://www.sciencedirect.com/science/book/9780081009055</a> |
| 904 ## - LOCAL DATA ELEMENT D, LDD (RLIN) | |
| CATALOGER | Akhil Bose |
| 942 ## - ADDED ENTRY ELEMENTS (KOHA) | |
| Item type | E-Book |
No items available.